000 00277nam a22001217a 4500
008 181025b xxu||||| |||| 00| 0 eng d
041 _aeng
080 _23ed
_a338
100 _a55
101 _aMAN
245 _aWomen And Men In Management
_cPowell.G.N
942 _2udc
_cBK
999 _c50920
_d50920